00295nam a2200121Ia 4500008004100000041000800041082001400049100001400063245002900077250001200106260004200118300001300160230817s2023 xx 000 0 und d aeng a34506/CHA aChatterji aCompetition Law In India a2017 Ed aAllahabadbAllahabad Law Agencyc2023 a1-459 Pp